Online
Catalog

La República Dominicana y España : (Record no. 25722)

MARC details
000 -CABECERA
campo de control de longitud fija 00627nam a2200157 a 4500
001 - NÚMERO DE CONTROL
campo de control 000026230
005 - FECHA Y HORA DE LA ÚLTIMA TRANSACCIÓN
campo de control 20200930024419.0
008 - DATOS DE LONGITUD FIJA--INFORMACIÓN GENERAL
campo de control de longitud fija 110307s1959 dr 000 0 spa d
040 ## - FUENTE DE LA CATALOGACIÓN
Centro catalogador/agencia de origen DO-SdBNP
Lengua de catalogación spa
Centro/agencia transcriptor BNPHU
049 ## - FONDOS LOCALES (OCLC)
Fondos de biblioteca BNPD
100 1# - ENTRADA PRINCIPAL--NOMBRE DE PERSONA
Nombre de persona Comprés Pérez, Rafael
9 (RLIN) 53259
245 13 - MENCIÓN DE TÍTULO
Título La República Dominicana y España :
Resto del título una misma religión, una misma cultura y un destino común; mensajes y discursos /
Mención de responsabilidad, etc. Rafael Comprés Pérez.
260 ## - PUBLICACIÓN, DISTRIBUCIÓN, ETC.
Lugar de publicación, distribución, etc. Madrid :
Nombre del editor, distribuidor, etc. Editora Taller Gráfico Cies,
Fecha de publicación, distribución, etc. 1959.
500 ## - NOTA GENERAL
Nota general Mensaje y discursos del excelentísimo Sr. D. Rafael Comprés Pérez
500 ## - NOTA GENERAL
Nota general Incluye notas al pie de las páginas
Holdings
Estado de retiro Estado de pérdida No para préstamo Código de colección Localización permanente Ubicación/localización actual Ubicación en estantería Fecha de adquisición Número de inventario Total de préstamos Signatura topográfica completa Código de barras Fecha visto por última vez Precio válido a partir de Tipo de ítem Koha
    Excluido de préstamo Patrimonio Dominicano Patrimonio Dominicano Patrimonio Dominicano En catalogación 07.03.2011 LF1   26230-10 25.06.2020 25.06.2020 Libro y Folleto Colección Patrimonio Dominicano
      Patrimonio Dominicano Patrimonio Dominicano Patrimonio Dominicano Orden iniciada 07.03.2011 LF1   26231-10 25.06.2020 25.06.2020 Libro y Folleto Colección Patrimonio Dominicano

Powered by Koha